000 00685nam a2200193Ia 4500
003 GCL
008 140319s9999 xx 000 0 ara d
040 _aGCL /
_cGCL
082 0 4 _aد
_b050
_bد هـ
245 1 0 _aالهلال نوفمبر 2006:الجبل الغربى :
_bمطاريد ورهبان
260 _aالقاهرة :
_bدار الهلال للطباعة والنشر ،
_c2006
650 0 4 _aالترجمة العربية
650 0 4 _aالشعر - مجموعات
650 0 4 _aالقصص العربية القصيرة - مصر
650 0 4 _aالادب - مجموعات
650 0 4 _aالقصص - مجموعات
650 0 4 _aنعوم تشوفسكى
942 _2ddc
_cCR
999 _c9003
_d9003